000 01847cam a22003734a 4500
001 17487782
003 OSt
005 20260316111343.0
008 121009s2013 ilu b 001 0 eng
010 _a 2012040405
020 _a9781433536878
035 _a17487782
040 _aDLC
_cDLC
_dDLC
042 _apcc
050 0 0 _aBV2653
_b.D46 2013
082 0 0 _a266/.022
_223
100 1 _aDennis, Jon M.,
_d1966-
245 1 0 _aChrist + city :
_bwhy the greatest need of the city is the greatest news of all /
_cJon M. Dennis.
246 3 _aChrist and city
260 _aWheaton, Ill. :
_bCrossway,
_cc2013.
300 _a205 p. ;
_c22 cm.
336 _atext
_btxt
_2rdacontent
337 _aunmediated
_bn
_2rdamedia
338 _avolume
_bnc
_2rdacarrier
504 _aIncludes bibliographical references and index.
505 0 _aAwakening the urban generation -- Foundations of city, understanding our direction -- Where are we going? -- Ambition and the first city -- God's heart for the city, how cities change -- Prayer and the city -- City transformed -- Faithfulness in the city -- Issues in city living, learning to thrive in the city -- Sex and the city -- Ethnicity and the city -- Children in the city -- Strategic principles and actions, reaching the city -- City within a city -- Global city, gospel movements -- Cities and the future of the world.
650 0 _aCity missions.
650 0 _aCities and towns
_xReligious aspects
_xChristianity.
776 0 8 _iOnline version:
_aDennis, Jon M., 1966-
_tChrist + city
_dWheaton, Ill. : Crossway, c2013
_z9781433536885
_w(DLC) 2012046178
906 _a7
_bcbc
_corignew
_d1
_eecip
_f20
_gy-gencatlg
942 _2lcc
_cBK
999 _c21441
_d21440